[Event "RUS-chT rapid"]
[Site "Sochi"]
[Date "2019.10.19"]
[Round "8.4"]
[White "Girshgorn, Leonid"]
[Black "Yeritsyan, Aram"]
[Result "1/2-1/2"]
[WhiteElo "2183"]
[BlackElo "2271"]
[PlyCount "87"]
[EventDate "2019.10.18"]
[EventType "team-swiss (rapid)"]
[EventRounds "9"]
[EventCountry "RUS"]
[SourceTitle "CBM 192 Extra"]
[Source "Chessbase"]
[SourceDate "2019.11.06"]
[SourceVersion "1"]
[SourceVersionDate "2019.11.06"]
[SourceQuality "1"]
[WhiteTeam "Karpov Chess School"]
[BlackTeam "Moscow St Petersburg"]
[WhiteTeamCountry "RUS"]
[BlackTeamCountry "RUS"]

1. Nf3 Nf6 2. g3 b5 3. Bg2 Bb7 4. 0-0 e6 5. d3 c5 6. e4 d6 7. Re1 Be7 8. Nbd2 Nbd7 9. d4 cxd4 10. Nxd4 Qb6 11. c3 0-0 12. a4 a6 13. Qe2 bxa4 14. Rxa4 Nc5 15. Ra1 d5 16. e5 Nfd7 17. b4 Ne4 18. Nxe4 dxe4 19. Bxe4 Rfc8 20. Bxb7 Qxb7 21. Bb2 Nb6 22. Nb3 Nd5 23. Na5 Qb6 24. Rac1 Rc7 25. Nc4 Qc6 26. Ne3 Nb6 27. Ba3 Qa4 28. Bb2 Qb3 29. Qc2 Qxc2 30. Rxc2 Na4 31. Rec1 Kf8 32. Kf1 h5 33. h4 g6 34. Ke2 Rac8 35. Ba1 Ke8 36. Kd3 Rd8+ 37. Ke4 Rdc8 38. Kd3 Rd7+ 39. Ke2 Rdc7 40. Kd3 Rd7+ 41. Ke4 Rdc7 42. Kd3 Rd7+ 43. Ke2 Rdc7 44. Kd3 1/2-1/2

[Event "RUS-chT rapid"]
[Site "Sochi"]
[Date "2019.10.18"]
[Round "5.4"]
[White "Samusenko, Maksim"]
[Black "Girshgorn, Leonid"]
[Result "0-1"]
[WhiteElo "2445"]
[BlackElo "2183"]
[PlyCount "132"]
[EventDate "2019.10.18"]
[EventType "team-swiss (rapid)"]
[EventRounds "9"]
[EventCountry "RUS"]
[SourceTitle "CBM 192 Extra"]
[Source "Chessbase"]
[SourceDate "2019.11.06"]
[SourceVersion "1"]
[SourceVersionDate "2019.11.06"]
[SourceQuality "1"]
[WhiteTeam "Rook (Kazan)"]
[BlackTeam "Karpov Chess School"]
[WhiteTeamCountry "RUS"]
[BlackTeamCountry "RUS"]

1. d4 g6 2. e4 Bg7 3. Nc3 e6 4. Be3 Ne7 5. Qd2 d5 6. 0-0-0 0-0 7. Bh6 dxe4 8. Bxg7 Kxg7 9. Nxe4 b6 10. h4 Bb7 11. Ng3 Qd5 12. Kb1 h5 13. N1e2 Nd7 14. Nf4 Qa5 15. c3 Nf6 16. Bd3 c5 17. dxc5 Qxc5 18. Bc2 Rad8 19. Qe2 Ned5 20. Nd3 Qc7 21. Qd2 b5 22. Qg5 b4 23. cxb4 Qc4 24. Bb3 Qg4 25. Qe5 Nxb4 26. Nxb4 Qxb4 27. Nxh5+ gxh5 28. Qg5+ Kh7 29. Qxf6 Be4+ 30. Ka1 Rxd1+ 31. Rxd1 Bg6 32. f3 Rc8 33. Qg5 Rc5 34. Qe3 a5 35. a3 Qb5 36. g4 a4 37. Ba2 Rc2 38. Qd4 e5 39. Qb4 Qc6 40. Qe1 Qxf3 41. gxh5 Qxh5 42. Bb1 Rc6 43. Bxg6+ Rxg6 44. Rd5 Re6 45. Qe3 Qxh4 46. Rxe5 Rxe5 47. Qxe5 Qg4 48. Qh2+ Kg6 49. Ka2 f5 50. Qd6+ Kh5 51. Qe5 Kh4 52. Qh2+ Kg5 53. Qe5 Qc4+ 54. Ka1 Qc1+ 55. Ka2 Qc4+ 56. Ka1 Kg4 57. Qg7+ Kf3 58. Qb7+ Qe4 59. Qb6 f4 60. b4 Qe1+ 61. Kb2 Qd2+ 62. Kb1 Qd1+ 63. Kb2 Qb3+ 64. Kc1 Qxa3+ 65. Kc2 Qb3+ 66. Kd2 Qe3+ 0-1

[Event "Moscow-ch rapid"]
[Site "Moscow"]
[Date "2018.12.09"]
[Round "10"]
[White "Girshgorn, Leonid"]
[Black "Stukan, Martin"]
[Result "1-0"]
[WhiteElo "2038"]
[BlackElo "2142"]
[PlyCount "111"]
[EventDate "2018.12.08"]
[EventType "swiss (rapid)"]
[EventRounds "11"]
[EventCountry "RUS"]
[SourceTitle "CBM 187 Extra"]
[Source "ChessBase"]
[SourceDate "2018.11.04"]
[SourceVersion "1"]
[SourceVersionDate "2018.11.04"]
[SourceQuality "1"]

1. d4 Nf6 2. Bf4 g6 3. Nc3 Bg7 4. e4 d6 5. Qd2 a6 6. f3 b5 7. Bh6 0-0 8. 0-0-0 b4 9. Na4 a5 10. h4 Bd7 11. b3 Qe8 12. h5 Bxa4 13. hxg6 fxg6 14. Bxg7 Kxg7 15. Qh6+ Kg8 16. bxa4 Qf7 17. Kb1 Nbd7 18. Nh3 Qg7 19. Qxg7+ Kxg7 20. Ng5 Rfc8 21. Ne6+ Kh8 22. Nf4 Nf8 23. e5 N6d7 24. Bd3 Kg7 25. exd6 exd6 26. Rde1 Re8 27. Nd5 Rxe1+ 28. Rxe1 c6 29. Nc7 Ra7 30. Ne8+ Kh8 31. Nxd6 Nb6 32. Re8 Kg7 33. Be4 Rd7 34. Nc8 Nxa4 35. Re7+ Rxe7 36. Nxe7 c5 37. dxc5 Nxc5 38. Nc6 Nfe6 39. Nxa5 Nf4 40. Nc6 Nxg2 41. Nxb4 Nf4 42. Nd5 Nxe4 43. Nxf4 Nd2+ 44. Kb2 g5 45. Ne2 h5 46. a4 h4 47. Ng1 Kf6 48. Kc3 Nf1 49. a5 Ne3 50. a6 Nd5+ 51. Kc4 Ke6 52. Kc5 Nc7 53. a7 Kd7 54. Kb6 Kc8 55. Kc6 Na8 56. Nh3 1-0

[Event "Moscow-ch rapid"]
[Site "Moscow"]
[Date "2018.12.08"]
[Round "3"]
[White "Lavrov, Maxim"]
[Black "Girshgorn, Leonid"]
[Result "1-0"]
[WhiteElo "2387"]
[BlackElo "2038"]
[PlyCount "97"]
[EventDate "2018.12.08"]
[EventType "swiss (rapid)"]
[EventRounds "11"]
[EventCountry "RUS"]
[SourceTitle "CBM 187 Extra"]
[Source "ChessBase"]
[SourceDate "2018.11.04"]
[SourceVersion "1"]
[SourceVersionDate "2018.11.04"]
[SourceQuality "1"]

1. e4 c6 2. d4 d5 3. e5 Bf5 4. Nf3 e6 5. Be2 Nd7 6. 0-0 h6 7. b3 Ne7 8. c4 g5 9. Nc3 Bg7 10. Ba3 0-0 11. Bd3 Bg4 12. Re1 dxc4 13. bxc4 c5 14. Be4 Nc6 15. Bxc6 bxc6 16. h3 Bh5 17. Ne4 Bxf3 18. Qxf3 cxd4 19. Nf6+ Bxf6 20. exf6 Qxf6 21. Qxf6 Nxf6 22. Bxf8 Kxf8 23. Rab1 Ke7 24. Rb7+ Nd7 25. c5 Kd8 26. g3 Kc8 27. Rb4 e5 28. f4 gxf4 29. gxf4 f6 30. fxe5 fxe5 31. Rf1 Kc7 32. Rf7 Rf8 33. Rh7 Rf6 34. Ra4 Rg6+ 35. Kf1 Rf6+ 36. Ke1 a6 37. Rxa6 Kb7 38. Ra4 Kc8 39. Ra8+ Kb7 40. Rd8 Ka6 41. Rdxd7 Kb5 42. Rde7 Rf5 43. Rxh6 Kxc5 44. Rhe6 Kd5 45. a4 d3 46. Kd2 Ke4 47. Rxe5+ Rxe5 48. Rxe5+ Kxe5 49. Kxd3 1-0

[Event "Moscow-ch rapid"]
[Site "Moscow"]
[Date "2018.12.08"]
[Round "5"]
[White "Tsvetkov, Andrey1"]
[Black "Girshgorn, Leonid"]
[Result "1-0"]
[WhiteElo "2338"]
[BlackElo "2038"]
[PlyCount "116"]
[EventDate "2018.12.08"]
[EventType "swiss (rapid)"]
[EventRounds "11"]
[EventCountry "RUS"]
[SourceTitle "CBM 187 Extra"]
[Source "ChessBase"]
[SourceDate "2018.11.04"]
[SourceVersion "1"]
[SourceVersionDate "2018.11.04"]
[SourceQuality "1"]

1. d4 Nf6 2. c4 g6 3. Nc3 d5 4. cxd5 Nxd5 5. e4 Nxc3 6. bxc3 Bg7 7. Nf3 c5 8. Be3 Nc6 9. Qd2 cxd4 10. cxd4 Bg4 11. Rd1 0-0 12. Be2 Rc8 13. 0-0 Na5 14. Qb4 Nc6 15. Qxb7 Bxf3 16. Bxf3 Nxd4 17. Qxa7 Nxf3+ 18. gxf3 Qe8 19. Qd7 Rc2 20. Qxe8 Rxe8 21. a3 Ra8 22. Rd7 Bf8 23. Rb1 Rcc8 24. Rb3 Ra6 25. Ra7 Ra8 26. Rxa6 Rxa6 27. Rb8 Kg7 28. Bc5 f6 29. Kf1 Kf7 30. Ke2 f5 31. Kd3 Bg7 32. Rb7 Bf6 33. Ra7 fxe4+ 34. fxe4 Rc6 35. Bb4 Bh4 36. f4 Rc1 37. Bd2 Rd1 38. Rd7 Ra1 39. Ra7 Rd1 40. Kc3 Bf2 41. Rb7 Ra1 42. Kc4 Rd1 43. Bc3 Be3 44. f5 gxf5 45. exf5 Bg5 46. a4 Bf6 47. Bb4 Rd4+ 48. Kb5 Rd5+ 49. Kc6 Rxf5 50. a5 Rf1 51. a6 Ra1 52. a7 Bd4 53. Rxe7+ Kf6 54. Rd7 Ra6+ 55. Kb5 Rxa7 56. Rxd4 Ra2 57. Rd2 Ra1 58. Bc3+ Ke6 1-0

[Event "RUS-chT blitz"]
[Site "Sochi"]
[Date "2018.10.10"]
[Round "2.9"]
[White "Chos, Alexey"]
[Black "Girshgorn, Leonid"]
[Result "1/2-1/2"]
[WhiteElo "2296"]
[BlackElo "1925"]
[PlyCount "127"]
[EventDate "2018.10.10"]
[EventType "team-swiss (blitz)"]
[EventRounds "15"]
[EventCountry "RUS"]
[SourceTitle "CBM 186 Extra"]
[Source "ChessBase"]
[SourceDate "2018.08.24"]
[SourceVersion "1"]
[SourceVersionDate "2018.08.24"]
[SourceQuality "1"]
[WhiteTeam "Krym Kimmeriya"]
[BlackTeam "Karpov Chess School II"]
[WhiteTeamCountry "RUS"]
[BlackTeamCountry "RUS"]

1. Nf3 d5 2. g3 c6 3. Bg2 Bg4 4. 0-0 Nd7 5. d3 e6 6. Nbd2 Ngf6 7. h3 Bxf3 8. Nxf3 Be7 9. c3 0-0 10. Qc2 b5 11. e4 Qb6 12. g4 dxe4 13. dxe4 Nc5 14. Nd4 Rad8 15. Be3 Qc7 16. f4 e5 17. Nf5 exf4 18. Bxf4 Qb7 19. Qe2 Ne6 20. Bg3 Bc5+ 21. Kh1 Rfe8 22. Be5 Nd7 23. Bg3 Nb6 24. Qf3 Nc4 25. Qe2 Rd2 26. Qf3 Rxb2 27. e5 Nd2 28. Qxc6 Qxc6 29. Bxc6 Nxf1 30. Bxe8 Nxg3+ 31. Nxg3 Ng5 32. a4 Nf3 33. Nf1 bxa4 34. Bxa4 Nxe5 35. Re1 f6 36. Rd1 a5 37. Nd2 Nd3 38. Ne4 Nf2+ 39. Nxf2 Rxf2 40. Rd5 Bb6 41. Rb5 Bc7 42. Rb7 Be5 43. Bb3+ Kf8 44. Rf7+ Ke8 45. Rxg7 Rh2+ 46. Kg1 Rxh3 47. Ba4+ Kf8 48. Ra7 Bxc3 49. Kg2 Rh4 50. Bd7 Bb4 51. Bf5 h5 52. Rh7 a4 53. gxh5 a3 54. Be6 Re4 55. Bd5 Rd4 56. Be6 a2 57. Ra7 Rd2+ 58. Kf3 Rd3+ 59. Ke4 Ra3 60. Rxa3 Bxa3 61. Bxa2 Kg7 62. Kf5 Kh6 63. Kxf6 Kxh5 64. Kf5 1/2-1/2

[Event "RUS-chT blitz"]
[Site "Sochi"]
[Date "2018.10.10"]
[Round "7.9"]
[White "Girshgorn, Leonid"]
[Black "Klimentov, Evgeny"]
[Result "0-1"]
[WhiteElo "1925"]
[BlackElo "2135"]
[PlyCount "100"]
[EventDate "2018.10.10"]
[EventType "team-swiss (blitz)"]
[EventRounds "15"]
[EventCountry "RUS"]
[SourceTitle "CBM 186 Extra"]
[Source "ChessBase"]
[SourceDate "2018.08.24"]
[SourceVersion "1"]
[SourceVersionDate "2018.08.24"]
[SourceQuality "1"]
[WhiteTeam "Karpov Chess School II"]
[BlackTeam "Voronezh SDYuSShOR"]
[WhiteTeamCountry "RUS"]
[BlackTeamCountry "RUS"]

1. d4 d6 2. e4 g6 3. Nf3 Bg7 4. g3 Nd7 5. Bg2 e5 6. 0-0 exd4 7. Nxd4 Ne7 8. c4 0-0 9. Nc3 Nc6 10. Be3 Nde5 11. Nxc6 Nxc6 12. Qc2 f5 13. Rad1 fxe4 14. Nxe4 Bf5 15. c5 d5 16. Qb3 Ne7 17. Nc3 c6 18. Qxb7 Rb8 19. Qxa7 Rxb2 20. Bd4 Bg4 21. Bxg7 Kxg7 22. Rd4 Bd7 23. Qa3 Qb8 24. Nd1 Rc2 25. Ne3 Rb2 26. Qc3 Kg8 27. a4 Rb3 28. Qc2 Nf5 29. Nxf5 Bxf5 30. Qd2 Re8 31. a5 Qb5 32. Rc1 Ra3 33. Qf4 Qxa5 34. h4 Ra1 35. Rxa1 Qxa1+ 36. Kh2 Qc3 37. Ra4 Qxc5 38. h5 Qe7 39. h6 Qe5 40. Ra8 Qxf4 41. Rxe8+ Kf7 42. gxf4 Kxe8 43. Kg3 Ke7 44. Bf3 Kd6 45. Kh4 c5 46. Kg5 Ke6 47. Be2 c4 48. f3 c3 49. Ba6 c2 50. Bc8+ Kf7 0-1

[Event "RUS-chT blitz"]
[Site "Sochi"]
[Date "2018.10.10"]
[Round "8.8"]
[White "Girshgorn, Leonid"]
[Black "Shkurkin, Andrey"]
[Result "1-0"]
[WhiteElo "1925"]
[BlackElo "2201"]
[PlyCount "77"]
[EventDate "2018.10.10"]
[EventType "team-swiss (blitz)"]
[EventRounds "15"]
[EventCountry "RUS"]
[SourceTitle "CBM 186 Extra"]
[Source "ChessBase"]
[SourceDate "2018.08.24"]
[SourceVersion "1"]
[SourceVersionDate "2018.08.24"]
[SourceQuality "1"]
[WhiteTeam "Karpov Chess School II"]
[BlackTeam "Belgorod Rakita"]
[WhiteTeamCountry "RUS"]
[BlackTeamCountry "RUS"]

1. d4 Nf6 2. Bf4 d5 3. e3 c5 4. c3 Nc6 5. Nd2 cxd4 6. exd4 Bf5 7. Qb3 Qc8 8. Ngf3 e6 9. Nh4 Be4 10. Nxe4 dxe4 11. Be2 h6 12. Be5 Be7 13. g3 Nxe5 14. dxe5 Nd7 15. Ng2 Nxe5 16. Qa4+ Nc6 17. Qxe4 0-0 18. 0-0 Bf6 19. Bd3 g6 20. h4 Ne7 21. h5 Qc6 22. hxg6 Nxg6 23. Qg4 Kh8 24. Bxg6 fxg6 25. Qxg6 Bg7 26. Rae1 Rf6 27. Qg4 Raf8 28. Nf4 Kh7 29. Nxe6 R8f7 30. Nd8 Qd7 31. Qe4+ Qf5 32. Qxf5+ Rxf5 33. Nxf7 Rxf7 34. Re2 Rf6 35. Kg2 Rb6 36. Rd1 a5 37. Rd7 Kg6 38. Ree7 Bf6 39. Rxb7 1-0

[Event "Wch U12 blitz"]
[Site "Minsk"]
[Date "2018.06.24"]
[Round "7"]
[White "Daneshvar, Bardiya"]
[Black "Girshgorn, Leonid"]
[Result "0-1"]
[WhiteElo "2267"]
[BlackElo "2159"]
[PlyCount "54"]
[EventDate "2018.06.24"]
[EventType "swiss (blitz)"]
[EventRounds "9"]
[EventCountry "BLR"]
[SourceTitle "EXT 2019"]
[Source "ChessBase"]
[SourceDate "2018.10.10"]
[SourceVersion "1"]
[SourceVersionDate "2018.10.10"]
[SourceQuality "1"]

1. d4 Nf6 2. c4 g6 3. Nc3 d5 4. Nf3 Bg7 5. h4 h5 6. Qb3 dxc4 7. Qxc4 0-0 8. Bf4 c6 9. e3 Nbd7 10. 0-0-0 Nb6 11. Qb3 Nbd5 12. Nxd5 cxd5 13. Bd3 Ne4 14. Rhf1 Bf5 15. Ng5 Rc8+ 16. Kb1 Qa5 17. Nxe4 Bxe4 18. Bxe4 dxe4 19. Qxb7 e5 20. Bxe5 Bxe5 21. dxe5 Qxe5 22. Qd5 Qe7 23. g3 Rfd8 24. Qg5 Rxd1+ 25. Rxd1 Qc7 26. Re1 Qc2+ 27. Ka1 Qc1+ 0-1